000
00311nam a2200109Ia 4500
008
171211s9999 xx 000 0 und d
245
_a
Force: Dynamic Life Drawing for Animators
245
_c
Michael D. Mattesi
260
_c
2006
650
_x
Drawing
856
_u
http://down.ebook777.com/005/9780240808451.pdf
999
_c
348021
_d
348021